| 000 | 00487nam a22001697a 4500 | ||
|---|---|---|---|
| 005 | 20251108164121.0 | ||
| 008 | 250721s1984 xx 000 0 ara d | ||
| 082 | 1 | 4 | _a301.076/هما |
| 100 | 1 | _aهمام، طلعت | |
| 245 | 1 | 0 | _aسين و جيم عن علم الإجتماع / |
| 264 | 1 |
_aعمان : _bمؤسسة الرسالة، _c1984. |
|
| 300 | _a139ص | ||
| 650 | 1 | 7 | _aعلم الإجتماع |
| 650 | 1 | 7 | _aالأسئلة و الأجوبة |
| 942 |
_2ddc _cBK |
||
| 999 |
_c4050 _d4050 |
||